The real life MBA : (Record no. 356310)
[ view plain ]
| 000 -LEADER | |
|---|---|
| fixed length control field | 00377nam a2200109Ia 4500 |
| 008 - FIXED-LENGTH DATA ELEMENTS--GENERAL INFORMATION | |
| fixed length control field | 180315s9999 xx 000 0 und d |
| 020 ## - INTERNATIONAL STANDARD BOOK NUMBER | |
| International Standard Book Number | 9780008137892 |
| 100 ## - MAIN ENTRY--PERSONAL NAME | |
| Personal name | Welch, Jack |
| 245 ## - TITLE STATEMENT | |
| Statement of responsibility, etc | Welch, Suzy |
| Title | The real life MBA : |
| Remainder of title | The no-nonsense guide to winning the game, building a team and growing your career |
| 260 ## - PUBLICATION, DISTRIBUTION, ETC. (IMPRINT) | |
| Place of publication, distribution, etc | London : |
| Name of publisher, distributor, etc | 2015 |
| Date of publication, distribution, etc | Thorsons pub |
| 300 ## - PHYSICAL DESCRIPTION | |
| Extent | vii, 229 pages |
| Withdrawn status | Lost status | Damaged status | Home library | Current library | Shelving location | Date acquired | Source of acquisition | Total Checkouts | Total Renewals | Full call number | Barcode | Date last seen | Date checked out | Price effective from | Koha item type |
|---|---|---|---|---|---|---|---|---|---|---|---|---|---|---|---|
| College Library | College Library | Graduate Section | 03/15/2018 | Library Fund | 3 | 5 | HF 5386 .W439 2015 | C21414 | 10/29/2018 | 10/24/2018 | 03/15/2018 | Books |